Hormonal regulation of development.

Guardado en:
Otros Autores: Kefford, N. P.
Formato: Libro
Idioma:English
Publicado: Berlin ; New York : Springer-Verlag, 1980-1985.
Series:Encyclopedia of plant physiology ; new ser., v. 9-11
Etiquetas: Agregar Etiqueta
Sin Etiquetas, Sea el primero en etiquetar este registro!
LEADER 01079cam a2200229 a 4500
001 EEA.libagro009074
005 20180608131809.0
008 810815m19801985gw#a#####b####001#0#eng##
020 |a 0387101616 (v. 1) 
082 0 0 |a 581.1 
082 0 0 |a 581.31 
245 0 0 |a Hormonal regulation of development. 
260 |a Berlin ;  |a New York :  |b Springer-Verlag,  |c 1980-1985. 
300 |a 3 v. :  |b il. ;  |c 25 cm. 
490 1 |a Encyclopedia of plant physiology ;  |v new ser., v. 9-11 
500 |a Planificador: N. P. Kefford. 
504 |a Incluye referencias bibliográficas e índices. 
505 0 |a 1. Molecular aspects of plant hormones /edited by J. MacMillan -- 2. The Functions of hormones from the level of the cell to the whole plant / edited by Tom K. Scott -- 3. Role of environmental factors /edited by R.P. Pharis and D.M. Reid 
700 1 |a Kefford, N. P. 
859 |a AR-BbBCA  |b BIB. AGRONOMIA  |h 581.1  |i En56  |p C1993/0318  |v v.10  |3 Vol. 10 
859 |a AR-BbBCA  |b BIB. AGRONOMIA  |h 581.1  |i En56  |p C1993/0319  |v v.11  |3 Vol. 11 
859 |a AR-BbBCA  |b BIB. AGRONOMIA  |h 581.1  |i En56  |p 1982/0014  |v v.9  |3 Vol. 9